000 00479nam a2200169 i 4500
001 78557
003 ES-MaACL
005 20250205063041.0
007 t|
008 041014s1964 sp ||||1| spa d
100 1 _aHalcón, Manuel,
_dca. 1900-1989
_961522
245 1 0 _aDesnudo pudor
_b: novela /
_cManuel Halcón.
260 _aMadrid :
_bRivadeneyra,
_c1964.
300 _a234 p. ;
_c19 cm.
852 _aES-MaACL
_jC-25465
_bR.54183
999 _c78557
_d78557